000 00596cam a22002051 4500
001 af 48005025
003 DLC
005 20260227110911.0
008 890321s1942 pl c 000 1 ger c
010 _aaf 48005025
035 _a(OCoLC)19410819
040 _aYale Univ. Library
_cCU
_dDLC
042 _apremarc
050 0 0 _aPT2603.A62
_bN6
100 1 _aBartsch, Heinrich
_c(Novelist)
245 1 0 _aNoch weht Preussens Fahne;
_bhistorischer Roman.
260 _aBreslau,
_bE. Grosse
_c[1942]
300 _a334 p.
_bport.
_c21 cm.
600 1 0 _aGoetzen, Friedrich,
_cGraf von,
_d1767-1820
_vFiction.
999 _c6318
_d6318